000
00313nam a2200133Ia 4500
005
20251222155102.0
008
251222s9999||||xx |||||||||||||| ||spa||
082
_a
REL.16.3
100
_a
Proyección Cristiana.
245
0
_a
El es nuestra Salvación
250
_a
1ra. ed.
264
_b
No tiene
942
_c
LIB
999
_c
37728
_d
37728